A short history of the Papacy in the Middle Ages / (Record no. 46031)
[ view plain ]
| 000 -LEADER | |
|---|---|
| fixed length control field | 00903cam a2200289 i 4500 |
| 001 - CONTROL NUMBER | |
| control field | 3638637 |
| 005 - DATE AND TIME OF LATEST TRANSACTION | |
| control field | 20190411114134.0 |
| 008 - FIXED-LENGTH DATA ELEMENTS--GENERAL INFORMATION | |
| fixed length control field | 750424r1974 enk b 001 0 eng |
| 010 ## - LIBRARY OF CONGRESS CONTROL NUMBER | |
| LC control number | 75310360 |
| 015 ## - NATIONAL BIBLIOGRAPHY NUMBER | |
| National bibliography number | GB75-03936 |
| 020 ## - INTERNATIONAL STANDARD BOOK NUMBER | |
| International Standard Book Number | 0416086500. |
| -- | 0416749704 |
| Terms of availability | £2.50 |
| 040 ## - CATALOGING SOURCE | |
| Original cataloging agency | DLC |
| Transcribing agency | DLC |
| Modifying agency | DLC |
| 100 1# - MAIN ENTRY--PERSONAL NAME | |
| Personal name | Ullmann, Walter, |
| Dates associated with a name | 1910- |
| 245 12 - TITLE STATEMENT | |
| Title | A short history of the Papacy in the Middle Ages / |
| Statement of responsibility, etc | Walter Ullmann. |
| 250 ## - EDITION STATEMENT | |
| Edition statement | [1st ed.] reprinted with corrections. |
| 260 ## - PUBLICATION, DISTRIBUTION, ETC. (IMPRINT) | |
| Place of publication, distribution, etc | London : |
| Name of publisher, distributor, etc | Methuen, |
| Date of publication, distribution, etc | 1974. |
| 300 ## - PHYSICAL DESCRIPTION | |
| Extent | [6], 393 p. ; |
| Dimensions | 22 cm. |
| 336 ## - CONTENT TYPE | |
| Content Type Term | text |
| 337 ## - MEDIA TYPE | |
| Media Type Term | unmediated |
| 338 ## - CARRIER TYPE | |
| Carrier Type Term | volume |
| 490 0# - SERIES STATEMENT | |
| Series statement | University paperbacks |
| 500 ## - GENERAL NOTE | |
| General note | Distributed in the U.S. by Harper & Row, New York. |
| 504 ## - BIBLIOGRAPHY, ETC. NOTE | |
| Bibliography, etc | Includes bibliographical references and index. |
| 650 #0 - SUBJECT ADDED ENTRY--TOPICAL TERM | |
| Topical term or geographic name as entry element | Papacy |
| General subdivision | Middle ages |
| 650 #0 - SUBJECT ADDED ENTRY--TOPICAL TERM | |
| Topical term or geographic name as entry element | Church history |
| Chronological subdivision | Middle Ages, 600-1500. |
| 942 ## - ADDED ENTRY ELEMENTS (KOHA) | |
| Source of classification or shelving scheme | Library of Congress Classification |
| Item type | Books |
| Withdrawn status | Lost status | Source of classification or shelving scheme | Damaged status | Not for loan | Home library | Current library | Shelving location | Date acquired | Source of acquisition | Inventory number | Total Checkouts | Full call number | Barcode | Date last seen | Price effective from | Koha item type |
|---|---|---|---|---|---|---|---|---|---|---|---|---|---|---|---|---|
| Library of Congress Classification | BSOP Library | BSOP Library | GC | 04/11/2019 | BSOP Alumni Association | 5812 | BX955.2 Ul5 | 00018777 | 04/11/2019 | 04/11/2019 | Books |
